000 00941nam a2200229Ia 4500
999 _c50296
_d50296
001 17236
003 GE_BSU
005 20200204142940.0
008 181216s2015ru xx |||||||||||||| ||rus||
020 _a978238026961
040 _cGE_BSU
080 _a657.3(075.8) Т-88
100 _aТурманидзе,Т.
_96774
245 _aФинансовый менеджмент :
_bУчеб.пособ. для студ.вузов,обучающихся по экономическим специальностям /
_cТ. Турманидзе ; Н. Эриашвили ; Ред : Т. М. Дубович.
264 _aМосква :
_bЮнити,
_c2015.
300 _a247 с .:
_c22 см.
653 _aФинансовый менеджмент
653 _aბუღალტერია
653 _aეკონონომიკა
700 _aДубович, Т. М.
_eრედაქტორი
_96775
942 _cBK
_2udc